[Event "DMP - III LIGA SZACHOWA SENIOROW PK 2020"]
[Site "Bystre"]
[Date "1899-12-30"]
[Round "1.1"]
[White "Lorenc, Marian"]
[Black "Stefanski, Robert"]
[Result "1-0"]
[WhiteTitle "k"]
[BlackTitle "k"]
[WhiteElo "2124"]
[BlackElo "1649"]

1. e4 e6 2. d4 d5 3. Nc3 dxe4 4. Nxe4 Be7 5. Nf3 Nf6 6. Bd3 Nbd7 7. Neg5 h6 8.
Nh3 c5 9. O-O cxd4 10. Nxd4 O-O 11. Re1 Nc5 12. Bc4 e5 13. Rxe5 Bxh3 14. gxh3
Bd6 15. Rf5 Nce4 16. Be3 Bxh2+ 17. Kg2 Nd6 18. Bd3 Nxf5 19. Nxf5 Qc7 20. Qf3 Rae8
21. Nxh6+ Kh8 22. Ng4 Nxg4 23. hxg4 g6 24. Rh1 Qc6 25. Rxh2+ Kg8 26. Qxc6 bxc6
27. Bd4 f6 28. Bc4+ Kg7 29. g5 1-0

[Event "DMP - III LIGA SZACHOWA SENIOROW PK 2020"]
[Site "Bystre"]
[Date "1899-12-30"]
[Round "1.7"]
[White "Marut, Leszek"]
[Black "Lopuszanski, Kamil"]
[Result "1/2-1/2"]
[WhiteTitle "I"]
[BlackTitle "I+"]
[WhiteElo "1863"]
[BlackElo "1995"]

1. d4 Nf6 2. Nf3 g6 3. g3 Bg7 4. Bg2 O-O 5. O-O d6 6. b3 c6 7. Bb2 Nbd7 8. Nbd2
Qc7 9. c4 e5 10. e4 exd4 11. Bxd4 Re8 12. Qc2 Ne5 13. Rfe1 Nfd7 14. Rad1 Nc5 15.
Nxe5 Bxe5 16. Nf3 Ne6 17. Bc3 b6 18. Qb2 Nf8 19. Rd2 Bb7 20. Nxe5 dxe5 21. Red1
f6 22. Rd6 Rad8 23. Qd2 Rxd6 24. Qxd6 Qxd6 25. Rxd6 Re6 26. Rd2 Kf7 27. Bh3 Re7
28. f3 1/2-1/2

[Event "DMP - III LIGA SZACHOWA SENIOROW PK 2020"]
[Site "Bystre"]
[Date "1899-12-30"]
[Round "1.13"]
[White "Piekarski, Lukasz"]
[Black "Lach, Dariusz"]
[Result "1-0"]
[WhiteTitle "I"]
[BlackTitle "I"]
[WhiteElo "1901"]
[BlackElo "1748"]

1. e4 c6 2. d4 d5 3. exd5 cxd5 4. Bd3 Nc6 5. c3 Nf6 6. h3 g6 7. Nf3 Bg7 8. O-O
O-O 9. Re1 e6 10. Bf4 a6 11. Nbd2 Re8 12. Ne5 Nxe5 13. dxe5 Nd7 14. Nf3 Nc5 15.
Bc2 b5 16. Qd4 Qc7 17. Nh2 Nd7 18. Ng4 Qc6 19. Bh6 Bh8 20. Qf4 Qc7 21. Qf3 Bb7
22. Bf4 Qd8 23. Nh6+ Kf8 24. Qg3 Bg7 25. Re3 f5 26. exf6 Bxh6 27. Bxh6+ Kf7 28.
Bg5 h5 29. Qh4 Rg8 30. Rae1 Nf8 31. f4 d4 32. Re5 d3 33. Bb3 d2 34. Rxe6 Nxe6
35. Bxe6+ Kf8 36. Bh6+ 1-0

[Event "DMP - III LIGA SZACHOWA SENIOROW PK 2020"]
[Site "Bystre"]
[Date "1899-12-30"]
[Round "1.14"]
[White "Lach, Ireneusz"]
[Black "Pasionek, Ariel"]
[Result "1/2-1/2"]
[WhiteTitle "I"]
[BlackTitle "I"]
[WhiteElo "1897"]
[BlackElo "1914"]

1. e4 Nf6 2. Nc3 e5 3. Nf3 Nc6 4. d4 exd4 5. Nxd4 Bb4 6. Nxc6 Bxc3+ 7. bxc3 bxc6
8. Bd3 O-O 9. O-O Re8 10. Re1 d6 11. Bg5 h6 12. Bh4 g5 13. Bg3 Bg4 14. f3 Be6
15. Qc1 Rb8 16. Qa3 Rb7 17. Qa4 Qd7 18. Rab1 Reb8 19. Rxb7 Rxb7 20. Qa6 Rb2 21.
a4 c5 22. Qxa7 c4 23. Bf1 Rxc2 24. Ra1 Nh5 25. a5 Nxg3 26. hxg3 d5 27. Qd4 dxe4
28. Qxd7 Bxd7 29. fxe4 Rxc3 30. a6 Bc6 31. a7 Bxe4 32. a8=Q+ Bxa8 33. Rxa8+ Kg7
34. Rc8 Rxg3 35. Bxc4 Rg4 36. Rxc7 Rf4 37. Kh2 Rf6 38. Rc8 1/2-1/2

[Event "DMP - III LIGA SZACHOWA SENIOROW PK 2020"]
[Site "Bystre"]
[Date "1899-12-30"]
[Round "1.15"]
[White "Samek, Ryszard"]
[Black "Janzer, Hubert"]
[Result "1/2-1/2"]
[WhiteTitle "I"]
[BlackTitle "I++"]
[WhiteElo "1993"]
[BlackElo "1893"]

1. d4 Nf6 2. c4 c5 3. Nf3 g6 4. Nc3 Bg7 5. e4 cxd4 6. Nxd4 d6 7. Be2 Nc6 8. Be3
O-O 9. O-O Bd7 10. Rc1 Nxd4 11. Bxd4 Bc6 12. f3 Qa5 13. Be3 Rfd8 14. Qd2 e6 15.
Rfd1 d5 16. cxd5 exd5 17. Nxd5 Qxd2 18. Rxd2 Nxd5 19. exd5 Rxd5 20. Rcd1 Rad8
21. Rxd5 Rxd5 22. Rxd5 1/2-1/2

[Event "DMP - III LIGA SZACHOWA SENIOROW PK 2020"]
[Site "Bystre"]
[Date "1899-12-30"]
[Round "1.16"]
[White "Lach, Tomasz"]
[Black "Wojciechowski, Beniamin"]
[Result "1/2-1/2"]
[WhiteTitle "I"]
[BlackTitle "I"]
[WhiteElo "1833"]
[BlackElo "1835"]

1. d4 d5 2. Bf4 Nf6 3. e3 Bf5 4. c4 c6 5. Qb3 Qc8 6. Nc3 e6 7. Nf3 Be7 8. Be2 Nbd7
9. h3 h6 10. O-O O-O 11. Rac1 Nb6 12. Ne5 Ne4 13. Nxe4 Bxe4 14. f3 dxc4 15. Nxc4
Nxc4 16. Bxc4 Bd5 17. e4 Bxc4 18. Rxc4 Rd8 19. Rd1 Rd7 20. Rc3 Qd8 21. Rcd3 Qb6
22. Qxb6 axb6 23. a3 Rad8 24. Kf1 Bf6 25. e5 Be7 26. Ke2 Ra8 27. Be3 b5 28. f4
Rd5 29. g4 Kh7 30. f5 Rad8 31. b4 R5d7 32. fxe6 fxe6 33. Rf1 Kg8 34. Rc3 Ra8 35.
Kd3 Rdd8 36. Ke2 Ra4 37. Rd3 Rf8 38. Rxf8+ Kxf8 39. Bc1 Ra8 40. Rf3+ Kg8 41. Kd3
Rd8 42. Ke4 Rd7 43. Be3 Rd8 44. Bf2 Rf8 45. Rxf8+ Kxf8 46. h4 Kf7 47. Kd3 g6 48.
h5 Bg5 49. Kc2 Bf4 50. Kb3 Bg5 51. a4 gxh5 52. gxh5 Ke7 53. axb5 cxb5 54. Kc3
Kd7 55. Kd3 Kc7 56. Be3 Bxe3 57. Kxe3 Kd7 58. Ke4 Kc6 59. d5+ exd5+ 60. Kd4 b6
61. e6 Kd6 62. e7 Kxe7 63. Kxd5 Kd7 64. Ke5 Ke7 65. Kf5 Kf7 66. Ke5 1/2-1/2

[Event "DMP - III LIGA SZACHOWA SENIOROW PK 2020"]
[Site "Bystre"]
[Date "1899-12-30"]
[Round "1.18"]
[White "Wladyka, Angelika"]
[Black "Krzysztynska, Anna"]
[Result "0-1"]
[WhiteTitle "I"]
[BlackTitle "I++"]
[WhiteElo "1601"]
[BlackElo "1857"]

1. e4 e5 2. Nf3 Nc6 3. Bc4 Bc5 4. d3 Nf6 5. Nc3 d6 6. h3 O-O 7. O-O Be6 8. Bb3
a6 9. Bg5 h6 10. Bh4 g5 11. Bg3 Nh5 12. Kh1 Nf4 13. Bxf4 gxf4 14. Nh2 Kh7 15.
Qh5 Qf6 16. Nd5 Bxd5 17. Bxd5 Qg6 18. Qxg6+ fxg6 19. c3 Rab8 20. b4 Ba7 21. a4
Ne7 22. Bb3 c5 23. Rac1 Rbc8 24. Kg1 b5 25. axb5 axb5 26. Ra1 Bb6 27. Ra6 Rb8
28. Nf3 cxb4 29. cxb4 Nc6 30. Rd1 Nxb4 31. Raa1 Nc6 32. Rd2 Rfc8 33. Rc2 Nb4 34.
Rxc8 Rxc8 35. Ne1 Rc3 36. Rb1 Nxd3 37. Nxd3 Rxd3 38. Bd5 h5 39. Kf1 Rd2 40. Rxb5
Rxf2+ 41. Ke1 Be3 42. h4 Rxg2 43. Rb8 Rh2 44. Bg8+ Kg7 45. Bd5 Rxh4 46. Rd8 f3
47. Rd7+ Kh6 48. Rxd6 Rh1# 0-1

[Event "DMP - III LIGA SZACHOWA SENIOROW PK 2020"]
[Site "Bystre"]
[Date "1899-12-30"]
[Round "1.19"]
[White "Kopczyk, Daniel"]
[Black "Czarnecki, Wojciech"]
[Result "1-0"]
[WhiteTitle "k"]
[BlackTitle "k"]
[WhiteElo "2137"]
[BlackElo "1965"]

1. d4 f5 2. Nc3 Nf6 3. Bg5 e6 4. e4 fxe4 5. Nxe4 Be7 6. Bxf6 Bxf6 7. Nf3 O-O 8.
Bd3 b6 9. Qe2 Bb7 10. O-O Nc6 11. c3 Qe7 12. Rfe1 Rae8 13. Rad1 Kh8 14. Bc2 g6
15. Qd3 Nd8 16. Ne5 Bxe4 17. Qxe4 Nf7 18. Re3 d6 19. Nxg6+ hxg6 20. Rh3+ Bh4 21.
Rxh4+ 1-0

[Event "DMP - III LIGA SZACHOWA SENIOROW PK 2020"]
[Site "Bystre"]
[Date "1899-12-30"]
[Round "1.20"]
[White "Kopacz, Lukasz"]
[Black "Mrozowski, Patryk"]
[Result "0-1"]
[WhiteTitle "I+"]
[BlackTitle "I++"]
[WhiteElo "1913"]
[BlackElo "2065"]

1. c4 Nf6 2. g3 d5 3. Nf3 c5 4. b3 Nc6 5. Bb2 d4 6. Bg2 e5 7. d3 h5 8. h3 Bd7 9.
Nbd2 Be7 10. a3 Qc8 11. Qc2 Rb8 12. e4 a6 13. Ng5 h4 14. O-O-O Nh5 15. gxh4 Nf4
16. Bf1 Rxh4 17. Ngf3 Rh7 18. Rg1 Qd8 19. h4 b5 20. cxb5 axb5 21. Kb1 Qa5 22.
Bc1 Rd8 23. Bb2 g6 24. Re1 Be6 25. Rd1 Qa7 26. Kc1 Kd7 27. Kb1 Rh5 28. Rg3 Rhh8
29. Rg1 Kd6 30. Rg3 Bxh4 31. Nxh4 Rxh4 32. Nf3 Rhh8 33. Ng5 Bc8 34. Rc1 Ne6 35.
Qd2 Nxg5 36. Rxg5 Rh4 37. Be2 Be6 38. Bd1 Rc8 39. f3 Qe7 40. Rg2 Kc7 41. Qe1 Rch8
42. Rcc2 Rh1 43. Qd2 Rxd1+ 44. Qxd1 Bxb3 45. Qd2 Bxc2+ 46. Qxc2 Kb6 47. a4 Nb4
48. Qb3 Qe6 49. Qxe6+ fxe6 50. axb5 Nxd3 51. Rg1 Kxb5 52. Rxg6 Kc4 0-1

[Event "DMP - III LIGA SZACHOWA SENIOROW PK 2020"]
[Site "Bystre"]
[Date "1899-12-30"]
[Round "1.21"]
[White "Futyma, Dawid"]
[Black "Baniak, Lukasz"]
[Result "0-1"]
[WhiteTitle "II+"]
[BlackTitle "I++"]
[WhiteElo "1278"]
[BlackElo "1939"]

1. e4 c5 2. Nf3 g6 3. d4 cxd4 4. Nxd4 Nc6 5. Nc3 Bg7 6. Be3 Nf6 7. f3 O-O 8. Bc4
Qb6 9. Qd2 Nxe4 10. Nxc6 Nxd2 11. Nxe7+ Kh8 12. Bxb6 Nxc4 13. Bc5 d6 14. Bb4 a5
15. Bxd6 Nxd6 16. O-O-O Nc4 17. g4 Be6 18. Ned5 Rac8 19. Kb1 Nxb2 0-1

[Event "DMP - III LIGA SZACHOWA SENIOROW PK 2020"]
[Site "Bystre"]
[Date "1899-12-30"]
[Round "1.26"]
[White "Ciasnocha, Michal"]
[Black "Smusz, Kamil"]
[Result "1/2-1/2"]
[WhiteTitle "I+"]
[BlackTitle "I"]
[WhiteElo "1795"]
[BlackElo "1922"]

1. d4 d5 2. c4 c6 3. Nc3 Nf6 4. e3 e6 5. Nf3 Nbd7 6. Bd3 dxc4 7. Bxc4 b5 8. Bd3
Bd6 9. O-O O-O 10. Qe2 Bb7 11. Rd1 Qe7 12. e4 b4 13. e5 bxc3 14. exd6 Qxd6 15.
bxc3 Rfe8 16. Rb1 Rab8 17. Ne5 c5 18. Bf4 Nd5 19. Bxh7+ Kxh7 20. Qh5+ Kg8 21.
Qxf7+ Kh7 22. dxc5 Nxc5 23. Qg6+ Kg8 24. Qf7+ Kh7 25. Qh5+ Kg8 26. Qf7+ Kh7 27.
Qh5+ Kg8 28. Qf7+ 1/2-1/2

[Event "DMP - III LIGA SZACHOWA SENIOROW PK 2020"]
[Site "Bystre"]
[Date "1899-12-30"]
[Round "1.27"]
[White "Kasperek, Rafal"]
[Black "Babiarz, Arkadiusz"]
[Result "1-0"]
[WhiteTitle "I++"]
[BlackTitle "I++"]
[WhiteElo "1982"]
[BlackElo "1840"]

1. e4 c5 2. Nf3 e6 3. d3 d5 4. Nbd2 Nc6 5. g3 Bd6 6. Bg2 Nge7 7. O-O O-O 8. Re1
f6 9. c3 Bd7 10. h4 Qc7 11. Qe2 b5 12. Nb3 c4 13. Nbd4 Ne5 14. dxc4 bxc4 15. Nxe5
fxe5 16. Nf3 Rae8 17. b4 d4 18. cxd4 exd4 19. Nxd4 Bxb4 20. Bd2 Bxd2 21. Qxd2
e5 22. Nf3 c3 23. Qe3 Rb8 24. Rac1 Rfc8 25. Re2 Rb2 26. Rec2 Rxc2 27. Rxc2 Ba4
28. Rc1 c2 29. Bh3 Rd8 30. Be6+ Kf8 31. Bb3 Bxb3 32. Qxb3 Rd1+ 33. Rxd1 cxd1=Q+
34. Qxd1 h6 35. Qb3 Qd6 36. Kg2 Nc6 37. Qb7 a5 38. a4 Kg8 39. Qb3+ Kf8 40. Qb7
Kg8 41. Qc8+ Kf7 42. Qxc6 1-0

[Event "DMP - III LIGA SZACHOWA SENIOROW PK 2020"]
[Site "Bystre"]
[Date "1899-12-30"]
[Round "1.28"]
[White "Ziemniak, Piotr"]
[Black "Mikula, Michal"]
[Result "0-1"]
[WhiteTitle "I+"]
[BlackTitle "I"]
[WhiteElo "1791"]
[BlackElo "1858"]

1. e4 c5 2. Nf3 g6 3. d4 cxd4 4. Nxd4 Bg7 5. Be3 Nf6 6. Nc3 Nc6 7. f3 O-O 8. Qd2
d5 9. Nxc6 bxc6 10. O-O-O Qa5 11. a3 Rb8 12. Nb1 Nxe4 13. b4 Nxd2 14. bxa5 Nxb1
15. Bxa7 Bh6+ 0-1

[Event "DMP - III LIGA SZACHOWA SENIOROW PK 2020"]
[Site "Bystre"]
[Date "1899-12-30"]
[Round "2.1"]
[White "Stefanski, Robert"]
[Black "Miasik, Adrian"]
[Result "0-1"]
[WhiteTitle "k"]
[BlackTitle "I++"]
[WhiteElo "1649"]
[BlackElo "1881"]

1. e3 d5 2. d4 e6 3. c4 c5 4. Nf3 Nf6 5. Nc3 dxc4 6. Bxc4 a6 7. a4 Nc6 8. O-O Be7
9. d5 exd5 10. Nxd5 O-O 11. Nxe7+ Qxe7 12. Qe2 Bg4 13. Bd2 Ne4 14. Rad1 Rad8 15.
h3 Bh5 16. g4 Bg6 17. Bc1 h5 18. Nd2 Ne5 19. Nxe4 Bxe4 20. f4 Rxd1 21. fxe5 Rxf1+
22. Qxf1 Qxe5 23. Qf4 Qe7 24. gxh5 Rd8 25. Be2 Rd5 26. Bg4 Qe5 27. Qf2 b5 28.
axb5 axb5 29. Qf4 b4 30. Kf2 Qxf4+ 31. exf4 Rd3 32. Be3 c4 33. Be2 Rb3 34. Bd4
c3 35. bxc3 bxc3 36. Ke3 c2+ 0-1

[Event "DMP - III LIGA SZACHOWA SENIOROW PK 2020"]
[Site "Bystre"]
[Date "1899-12-30"]
[Round "2.2"]
[White "Ciasnocha, Michal"]
[Black "Socha, Kamil"]
[Result "1-0"]
[WhiteTitle "I+"]
[BlackTitle "I"]
[WhiteElo "1795"]
[BlackElo "1817"]

1. d4 Nf6 2. Nf3 e6 3. g3 b6 4. Bg2 Bb7 5. O-O Be7 6. c4 O-O 7. Nc3 Ne4 8. Nxe4
Bxe4 9. Nh4 Bxg2 10. Nxg2 d6 11. e4 c5 12. d5 e5 13. h4 Nd7 14. Ne3 Nf6 15. Qf3
h5 16. Nf5 Ng4 17. Qd3 g6 18. Nxe7+ Qxe7 19. f3 Nf6 20. Bg5 Kg7 21. f4 Qd7 22.
Bxf6+ Kxf6 23. fxe5+ Kg7 24. exd6 Qxd6 25. Rf4 Rfe8 26. Raf1 f6 27. Qf3 Rf8 28.
g4 hxg4 29. Rxg4 Rh8 30. Qf5 Rh6 31. h5 g5 32. e5 Qxe5 33. Rxg5+ Kh8 34. Qxe5
fxe5 35. Rxe5 Rg8+ 36. Kf2 Rh7 37. Ke3 Rhg7 38. d6 Rd7 39. Rf6 Rgd8 40. Ree6 1-0

[Event "DMP - III LIGA SZACHOWA SENIOROW PK 2020"]
[Site "Bystre"]
[Date "1899-12-30"]
[Round "2.7"]
[White "Kopacz, Lukasz"]
[Black "Zgoda, Damian"]
[Result "1/2-1/2"]
[WhiteTitle "I+"]
[BlackTitle "I"]
[WhiteElo "1913"]
[BlackElo "1672"]

1. c4 e5 2. g3 g6 3. Bg2 Bg7 4. Nc3 d6 5. d3 f5 6. e3 Nf6 7. Nge2 O-O 8. O-O c6
9. Rb1 Be6 10. b3 d5 11. cxd5 cxd5 12. d4 e4 1/2-1/2

[Event "DMP - III LIGA SZACHOWA SENIOROW PK 2020"]
[Site "Bystre"]
[Date "1899-12-30"]
[Round "2.10"]
[White "Mikula, Michal"]
[Black "Juszczuk, Grzegorz"]
[Result "1/2-1/2"]
[WhiteTitle "I"]
[BlackTitle "I"]
[WhiteElo "1858"]
[BlackElo "1809"]

1. e4 d5 2. exd5 Qxd5 3. Nc3 Qd8 4. d4 e6 5. Nf3 Nf6 6. Bc4 Be7 7. Bf4 c6 8. a4
O-O 9. O-O Nd5 10. Bg3 Nd7 11. Qe2 N7f6 12. Bb3 a5 13. Ne5 Bd6 14. Rad1 Qc7 15.
Nb1 Nd7 16. c4 Nb4 17. f4 Bxe5 18. fxe5 b5 19. cxb5 cxb5 20. axb5 Nb6 21. Be1
Bb7 22. Nc3 Rfd8 23. Ne4 Bxe4 24. Qxe4 N6d5 25. Bh4 Rdc8 26. Qg4 Qd7 27. Bf6 g6
28. Qg5 Qe8 29. h4 Qf8 30. h5 h6 31. Qg3 g5 32. Rc1 Rxc1 33. Rxc1 Nf4 34. Qf3
Rc8 35. Rc3 Nfd5 36. Bxd5 Nxd5 37. Rc6 Rb8 38. Qb3 Nxf6 39. exf6 Qd8 40. Qc4 Qxf6
41. b6 Kg7 42. Qc5 Qf4 43. d5 exd5 44. Rc7 Re8 45. Qxa5 Qd4+ 46. Kh2 Qf4+ 47.
Kg1 Qd4+ 48. Kf1 Qd1+ 49. Kf2 Qd4+ 50. Kf1 Qd1+ 51. Kg1 Re2+ 52. Kf2 Re1 53. Kg3
1/2-1/2

[Event "DMP - III LIGA SZACHOWA SENIOROW PK 2020"]
[Site "Bystre"]
[Date "1899-12-30"]
[Round "2.11"]
[White "Bialek, Filip"]
[Black "Sygulski, Piotr"]
[Result "0-1"]
[WhiteTitle "II"]
[BlackTitle "II+"]
[WhiteElo "1026"]
[BlackElo "1652"]

1. c4 e6 2. g3 Nf6 3. Nc3 d5 4. cxd5 exd5 5. d4 Be7 6. Bg2 Bf5 7. Qb3 Nc6 8. e3
Nb4 9. Nxd5 Nc2+ 10. Ke2 Nxa1 11. Qxb7 Nxd5 12. Bxd5 Rb8 13. Qc6+ Bd7 14. Qc4
O-O 15. Bc6 Bc8 16. Bb5 Qd6 17. Qd3 Rxb5 18. Qd2 Ba6 19. Kd1 Qc6 20. f3 Bb4 21.
Qf2 Ra5 22. a3 Qa4+ 23. Qc2 Qxc2# 0-1

[Event "DMP - III LIGA SZACHOWA SENIOROW PK 2020"]
[Site "Bystre"]
[Date "1899-12-30"]
[Round "2.15"]
[White "Janzer, Hubert"]
[Black "Futyma, Dawid"]
[Result "1-0"]
[WhiteTitle "I++"]
[BlackTitle "II+"]
[WhiteElo "1893"]
[BlackElo "1278"]

1. d4 Nf6 2. Bf4 d5 3. e3 e6 4. Nf3 Nbd7 5. Nbd2 c5 6. c3 Be7 7. Bd3 O-O 8. Qe2
Qb6 9. O-O-O c4 10. Bb1 a5 11. Ne5 Qa6 12. e4 b5 13. Nxd7 Bxd7 14. e5 Ne8 15.
Nf3 b4 16. h4 Rb8 17. Bxh7+ Kh8 18. Ng5 bxc3 19. Qh5 1-0

[Event "DMP - III LIGA SZACHOWA SENIOROW PK 2020"]
[Site "Bystre"]
[Date "1899-12-30"]
[Round "2.20"]
[White "Pasionek, Ariel"]
[Black "Mazurkiewicz, Andrzej"]
[Result "1-0"]
[WhiteTitle "I"]
[BlackTitle "I"]
[WhiteElo "1914"]
[BlackElo "1608"]

1. e4 d5 2. Nf3 dxe4 3. Ng5 Nf6 4. Bc4 e6 5. Nc3 b6 6. Ngxe4 Bb7 7. d3 h6 8. O-O
Nbd7 9. Bf4 a6 10. Re1 Be7 11. Qf3 Qc8 12. Qh3 b5 13. Bb3 b4 14. Nb1 Nxe4 15.
dxe4 Nc5 16. Nd2 Nxb3 17. axb3 O-O 18. Qg3 Kh7 19. Bxc7 Bf6 20. Nc4 Bd4 21. Be5
Bxe5 22. Qxe5 Qb8 23. Qxb8 Raxb8 24. f3 Rfd8 25. Red1 Rxd1+ 26. Rxd1 Bc6 27. Rd2
f5 28. Rd6 Bb5 29. Rxe6 fxe4 30. Rxe4 Rd8 31. Kf2 Rd1 32. Ne3 Rd2+ 33. Kg3 Re2
34. Kf4 Bc6 35. Re7 Bb5 36. h4 Rf2 37. Re4 Re2 38. h5 Rf2 39. Rxb4 Be8 40. Rb6
Bxh5 41. Rxa6 g5+ 42. Ke5 Re2 43. Kd4 Bg6 44. Ra7+ Kg8 45. Ng4 Rxc2 46. Nxh6+
Kf8 47. Ra5 Rxg2 48. Ng4 Rd2+ 49. Ke5 Rxb2 50. Kf6 Rxb3 51. Ra8+ Be8 52. Ne5 Rb6+
53. Kxg5 Ke7 54. f4 Rb1 55. Kf5 Bd7+ 56. Nxd7 Kxd7 57. Kf6 Rb6+ 58. Kf7 Rb5 59.
Ra4 Kd6 60. Rd4+ Kc5 61. Rd1 Kc4 62. Kg6 Rb6+ 63. Kg5 Rb2 64. f5 Rg2+ 65. Kf6
Kd5 66. Re1 Kc5 67. Rd1 Kd5 1-0

[Event "DMP - III LIGA SZACHOWA SENIOROW PK 2020"]
[Site "Bystre"]
[Date "1899-12-30"]
[Round "2.22"]
[White "Wojciechowski, Beniamin"]
[Black "Wrobel, Dariusz"]
[Result "1/2-1/2"]
[WhiteTitle "I"]
[BlackTitle "II+"]
[WhiteElo "1835"]
[BlackElo "1427"]

1. e4 e5 2. f4 d5 3. exd5 Qxd5 4. Nc3 Qe6 5. fxe5 Qxe5+ 6. Qe2 Qxe2+ 7. Bxe2 c6
8. Nf3 Nf6 9. O-O Bd6 10. Bc4 O-O 11. d4 Bf5 12. Bb3 Nbd7 13. Bg5 Bg6 14. Rae1
Rfe8 15. Nh4 Rxe1 16. Rxe1 Re8 17. Rxe8+ Nxe8 18. Nxg6 hxg6 19. Ne4 Bc7 20. Be7
Bf4 21. Ng5 Bxg5 22. Bxg5 Nef6 23. Kf1 Kf8 24. Ke2 Ne4 25. Bd8 Nd6 26. Kd3 Ke8
27. Bg5 f6 28. Bd2 c5 29. Bd5 cxd4 30. Kxd4 Nf5+ 31. Kc3 b6 32. g4 Ne7 33. Bf3
Ne5 34. Be2 Kd7 35. b4 Kd6 36. a4 Nd5+ 37. Kb2 Nc6 38. Ka3 g5 39. c4 Nf4 40. Bd1
Nd4 41. Be3 Ke5 42. Bf2 Ke4 43. h4 gxh4 44. Bxh4 g5 45. Bf2 Kd3 46. c5 bxc5 47.
Bxd4 Kxd4 48. b5 Nd5 49. a5 c4 50. Bf3 Nc3 51. Kb4 Na2+ 52. Ka3 Nc3 53. Kb4 Nd5+
54. Bxd5 Kxd5 55. b6 axb6 56. a6 Kc6 1/2-1/2

[Event "DMP - III LIGA SZACHOWA SENIOROW PK 2020"]
[Site "Bystre"]
[Date "1899-12-30"]
[Round "3.2"]
[White "Socha, Kamil"]
[Black "Dobrzanski, Krzysztof"]
[Result "1/2-1/2"]
[WhiteTitle "I"]
[BlackTitle "II+"]
[WhiteElo "1817"]
[BlackElo "1722"]

1. d4 d5 2. c4 Nf6 3. Nf3 e6 4. Nc3 c6 5. Bg5 Nbd7 6. e3 Be7 7. Rc1 O-O 8. a3 Re8
9. h3 a6 10. c5 Qc7 11. Bf4 Qd8 12. Bd3 Nh5 13. Bh2 g6 14. g4 Ng7 15. Bg3 f6 16.
h4 e5 17. dxe5 Nxc5 18. exf6 Nxd3+ 19. Qxd3 Bxf6 20. g5 Bf5 21. Qe2 Be7 22. Nd4
Qd7 23. Nxf5 Qxf5 24. Qc2 Qf3 25. Rg1 Rad8 26. Qe2 Qf5 27. Qc2 Qe6 28. Ne2 Bd6
29. Nd4 Qg4 30. Qe2 Qe4 31. Bxd6 Rxd6 32. Qg4 Qxg4 1/2-1/2

[Event "DMP - III LIGA SZACHOWA SENIOROW PK 2020"]
[Site "Bystre"]
[Date "1899-12-30"]
[Round "3.7"]
[White "Piekarski, Lukasz"]
[Black "Lorenc, Marian"]
[Result "0-1"]
[WhiteTitle "I"]
[BlackTitle "k"]
[WhiteElo "1901"]
[BlackElo "2124"]

1. e4 c5 2. b3 e6 3. Qe2 Nc6 4. Nf3 d6 5. Bb2 Nf6 6. Nc3 Be7 7. O-O-O Nd4 8. Qe1
O-O 9. e5 dxe5 10. Nxe5 b6 11. Bd3 Bb7 12. Qf1 a6 13. Rg1 b5 14. g4 c4 15. bxc4
bxc4 16. Nxc4 Rb8 17. Qh3 g6 18. g5 Nh5 19. Rg4 Nf5 20. Ne2 Bd5 21. Bxf5 exf5
22. Qc3 Rxb2 23. Rd4 Ba3 24. Qh3 Be7 25. Rg4 0-1

[Event "DMP - III LIGA SZACHOWA SENIOROW PK 2020"]
[Site "Bystre"]
[Date "1899-12-30"]
[Round "3.8"]
[White "Marciniak, Leonard"]
[Black "Pasionek, Ariel"]
[Result "1/2-1/2"]
[WhiteTitle "I+"]
[BlackTitle "I"]
[WhiteElo "1672"]
[BlackElo "1914"]

1. e4 d5 2. exd5 Qxd5 3. Nc3 Qa5 4. d4 Nf6 5. Nf3 Bg4 6. h3 Bxf3 7. Qxf3 c6 8.
Bc4 e6 9. O-O Be7 10. Bf4 O-O 11. a3 Nbd7 12. b4 Qd8 13. Ne2 Nb6 14. Bd3 Qd5 15.
Qe3 Nc4 16. Qc1 b5 17. Rd1 Nd6 18. Be5 Nde8 19. c3 Qd7 20. a4 Bd6 21. Bxd6 Nxd6
22. a5 Nd5 23. Ng3 g6 24. Re1 Rfe8 25. f3 Nf5 26. Bxf5 1/2-1/2

[Event "DMP - III LIGA SZACHOWA SENIOROW PK 2020"]
[Site "Bystre"]
[Date "1899-12-30"]
[Round "3.10"]
[White "Karas, Kacper"]
[Black "Wojciechowski, Beniamin"]
[Result "1/2-1/2"]
[WhiteTitle "II"]
[BlackTitle "I"]
[WhiteElo "1150"]
[BlackElo "1835"]

1. c4 c6 2. g3 d5 3. d4 Nf6 4. Bg2 e6 5. Nc3 Nbd7 6. b3 dxc4 7. bxc4 Bb4 8. Qb3
Qa5 9. Bb2 e5 10. a3 Be7 11. e3 exd4 12. exd4 Nb6 13. Nf3 Be6 14. Ne5 O-O-O 15.
O-O Nfd7 16. Nxd7 Rxd7 17. d5 cxd5 18. cxd5 Nxd5 19. Nxd5 Bxd5 20. Bxd5 Rxd5 21.
Bxg7 Rhd8 22. Rfc1+ Kb8 23. Bc3 Qb5 24. Qa2 1/2-1/2

[Event "DMP - III LIGA SZACHOWA SENIOROW PK 2020"]
[Site "Bystre"]
[Date "1899-12-30"]
[Round "3.13"]
[White "Kopczyk, Daniel"]
[Black "Lopuszanski, Kamil"]
[Result "1-0"]
[WhiteTitle "k"]
[BlackTitle "I+"]
[WhiteElo "2137"]
[BlackElo "1995"]

1. d4 Nf6 2. c4 g6 3. Nc3 Bg7 4. e4 O-O 5. Be2 d6 6. Bg5 h6 7. Be3 Nbd7 8. Qd2
Kh7 9. h4 e5 10. d5 Nc5 11. Qc2 a5 12. h5 g5 13. f3 g4 14. f4 Qe7 15. f5 Bd7 16.
O-O-O c6 17. Bxc5 dxc5 18. Kb1 Rg8 19. dxc6 Bxc6 20. Bd3 Ne8 21. Nge2 Bf6 22.
Ng3 Bh4 23. f6 Bxf6 24. Nf5 Qe6 25. Nd5 Rg5 26. Qf2 Rc8 27. Rdf1 Bd7 28. Qe3 Bd8
29. Rf2 f6 30. Be2 Qf7 31. Ng3 Ng7 32. Rhf1 Rc6 33. Qb3 b6 34. Qd1 Rd6 35. a3
Nxh5 36. Nxh5 Rxh5 37. Bxg4 Bxg4 38. Qxg4 Rg5 39. Qe2 Qg6 40. Ka2 Kg8 41. Qc2
Rg3 42. Re2 Rd7 43. Qd2 Kf8 44. Ref2 Kg7 45. Qc2 Rf7 46. Re2 Rg5 47. Ne3 Be7 48.
Nf5+ Kh7 49. Rd1 Qg8 50. Rd7 Qe8 51. Red2 Rxg2 52. Rxe7 Rxd2 53. Rxf7+ Qxf7 54.
Qxd2 Qxc4+ 55. b3 Qf7 56. Qxh6+ Kg8 57. Nd6 Qe6 58. Qg6+ Kf8 59. Nf5 a4 60. Qh6+
Kf7 61. Qh5+ Kg8 62. Qg6+ Kf8 63. Qh6+ Kf7 64. Qh3 Kf8 65. Kb2 b5 66. bxa4 bxa4
67. Qd3 Qb6+ 68. Kc2 Qa7 69. Qd8+ Kf7 70. Qh8 Qd7 71. Qg7+ Ke6 1-0

[Event "DMP - III LIGA SZACHOWA SENIOROW PK 2020"]
[Site "Bystre"]
[Date "1899-12-30"]
[Round "3.14"]
[White "Mazurkiewicz, Andrzej"]
[Black "Mrozowski, Patryk"]
[Result "0-1"]
[WhiteTitle "I"]
[BlackTitle "I++"]
[WhiteElo "1608"]
[BlackElo "2065"]

1. d4 Nf6 2. Nf3 c5 3. g3 d5 4. dxc5 Nc6 5. Bg2 e5 6. Bg5 Be6 7. Nc3 Bxc5 8. Bxf6
gxf6 9. O-O Qd7 10. e4 d4 11. Nd5 Bxd5 12. exd5 Ne7 13. c3 dxc3 14. bxc3 Qxd5
15. Qc2 Qe6 16. Rab1 Rb8 17. Qa4+ Kf8 18. Qh4 h5 19. Qe4 Qf5 20. Qc4 Bb6 21. Qh4
Kg7 22. Rb5 Ng6 23. Qb4 Rhc8 24. c4 Qc2 25. Bh3 Rxc4 26. Qb1 Qxb1 27. Rfxb1 Rc2
28. R5b2 Bxf2+ 29. Kg2 Rxb2 30. Rxb2 Bb6 31. Nh4 Nxh4+ 32. gxh4 Rd8 33. Bf5 Rd4
34. Kh3 Rd8 35. a4 Kf8 36. Rb5 Rd6 37. a5 Bd8 38. Rxb7 Bxa5 39. Rxa7 Be1 40. Rd7
Rc6 41. Bd3 Kg7 42. Bb1 Rc4 43. Ra7 Bf2 44. Rxf7+ Kxf7 45. Ba2 Kg6 46. Bxc4 Kf5
47. Bf7 Kf4 48. Bxh5 e4 49. Bd1 f5 50. h5 Bd4 51. Kg2 Ke3 52. Kf1 f4 53. Bc2 f3
54. h6 Kf4 55. h7 Bh8 56. Ba4 e3 57. Bb5 Bc3 58. Ba6 Bd4 59. Bb5 Kg5 60. Ba6 Kh6
61. Bd3 Kg7 62. Ke1 Bc3+ 63. Kf1 Kh8 64. h4 Bb4 65. h5 Ba5 66. h6 Bb4 67. Bc4
Kxh7 68. Bd3+ Kxh6 69. Bc4 Kg5 70. Bd3 Bc3 71. Bc4 Kf6 72. Bd3 Ke5 73. Ba6 Kd6
74. Bd3 Kc5 75. Ba6 Kb4 76. Bd3 Ka3 77. Bc4 Kb2 78. Bd3 Kc1 0-1

[Event "DMP - III LIGA SZACHOWA SENIOROW PK 2020"]
[Site "Bystre"]
[Date "1899-12-30"]
[Round "3.20"]
[White "Lach, Ireneusz"]
[Black "Smusz, Kamil"]
[Result "1/2-1/2"]
[WhiteTitle "I"]
[BlackTitle "I"]
[WhiteElo "1897"]
[BlackElo "1922"]

1. e4 d6 2. d4 Nf6 3. Nc3 e5 4. Nge2 Be7 5. g3 Bg4 6. Bg2 Nc6 7. f3 exd4 8. Nxd4
Bd7 9. Be3 O-O 10. O-O Nxd4 11. Bxd4 Bc6 12. Ne2 Nd7 13. Bf2 b6 14. Nd4 Bb7 15.
Re1 Bf6 16. c3 g6 17. f4 Bg7 18. Rc1 Re8 19. Qc2 Qe7 1/2-1/2